The metal culvert industry, Ontario and Quebec. (Record no. 547498)

000 -LEADER
fixed length control field 00654cam a2200169 4500
082 00 - DEWEY DECIMAL CLASSIFICATION NUMBER
Classification number 625.7342
Author Mark COR
-- D
110 1# - MAIN ENTRY--CORPORATE NAME
Corporate name or jurisdiction name as entry element Canada.
9 (RLIN) 38742
245 14 - TITLE STATEMENT
Title The metal culvert industry, Ontario and Quebec.
Remainder of title Report in the matter of an inquiry relating to the production, manufacture, sale and supply of corrugated metal pipe and related products.
260 ## - PUBLICATION, DISTRIBUTION, ETC.
Place of publication, distribution, etc. Ottawa,
Date of publication, distribution, etc. 1970.
300 ## - PHYSICAL DESCRIPTION
Extent vii, 64 p.
Dimensions 25 cm.
490 1# - SERIES STATEMENT
Series statement Restrictive Trade Practices Commission. RTPC no. 52, series 1959
526 ## - STUDY PROGRAM INFORMATION NOTE
Program name 0
Interest level 0
Reading level 0
Title point value 625_734200000000000_COR
650 #0 - SUBJECT ADDED ENTRY--TOPICAL TERM
Topical term or geographic name entry element Culverts.
9 (RLIN) 3093
650 #0 - SUBJECT ADDED ENTRY--TOPICAL TERM
Topical term or geographic name entry element MCE
9 (RLIN) 379
650 #0 - SUBJECT ADDED ENTRY--TOPICAL TERM
Topical term or geographic name entry element Steel pipe industry
Geographic subdivision Canada.
9 (RLIN) 43690
942 ## - ADDED ENTRY ELEMENTS (KOHA)
Source of classification or shelving scheme
Koha item type Book
Holdings
Withdrawn status Lost status Source of classification or shelving scheme Damaged status Not for loan Permanent Location Current Location Date acquired Total Checkouts Full call number Barcode Date last seen Price effective from Koha item type
          Military College of Engineering (MCE) Military College of Engineering (MCE) 07/18/2014   625.7342 COR MCE-41950 07/18/2014 07/18/2014 Book
© 2023 Central Library, National University of Sciences and Technology. All Rights Reserved.